000 00411pab a2200145 454500
008 180718b xxu||||| |||| 00| 0 eng d
100 _aJohri, Alok
245 _aPoverty and common property resources: case study of a rope making industry
650 _a Rope Making Industry
650 _a Case Study
650 _aPoverty
700 _aN., Krishnakumar
773 _aEconomic and Political Weekly
909 _a2132
999 _c2132
_d2132